000 00457nam a22001697a 4500
999 _c11771
_d11771
008 210102b ||||| |||| 00| 0 eng d
020 _a9789333203210
082 _a303.4833
_bBAG
100 _aBagad, V. S.
245 _aMobile communication
250 _a2nd Rv. Ed.
260 _aPune
_bTechnical publications
_c2016
300 _axiv, S-8p.
_Pbc
650 _aCommunication and culture
650 _aCell phone systems--Social aspects
942 _cBK